[Event "Bhopal GM Open 2019"]
[Site "Bhopal"]
[Date "2019.12.24"]
[Round "5.14"]
[White "Pawar, Harshit"]
[Black "Ziatdinov, Raset"]
[Result "0-1"]
[WhiteElo "1823"]
[BlackElo "2204"]
[Annotator "TA"]
[PlyCount "48"]
[EventDate "2019.12.21"]
[EventType "swiss"]
[EventCountry "IND"]
[SourceTitle "playchess.com"]
[Source "ChessBase"]
[SourceQuality "1"]

{[%evp 9,106,22,17,25,29,3,25,-16,-13,-39,-22,-29,-8,-34,-24,-20,35,0,0,3,0,-53,-58,-135,-135,-134,-133,-134,-132,-132,-145,-145,-143,-152,-144,-232,-220,-233,-193,-243,-247,-236,-251,-258,-236,-243,-243,-233,-190,-199,-143,-143,-140,-77,-24,-26,-40,-58,-34,-39,-40,-42,-42,-60,-50,-170,-160,-184,-153,-329,-413,-413,-408,-386,-372,-420,-407,-380,-267,-462,-454,-429,-413,-502,-490,-1029,-593,-583,-563,-542,-502,-12841,-12841,-12843,-12843,-12844,-12844,-12845,-12843]} 1. e4 c5 2. Nc3 Nc6 3. Bb5 g6 4. Bxc6 bxc6 5. d3 Bg7 6. f4 {B23: Closed Sicilian: Lines without g3} c4 7. d4 Nf6 $146 ({Predecessor:} 7... d5 8. e5 h5 9. Nf3 Nh6 10. O-O Bg4 11. b3 Nf5 12. Na4 Nh4 13. Nc5 Qc8 14. bxc4 dxc4 {½-½ (81) Zhao,J (2604)-Naiditsch,A (2705) Riadh 2017}) 8. e5 {White has an edge.} Nd5 9. Ne4 O-O 10. Nf3 f5 11. Nf2 Bh6 $36 {[%mdl 2048] White is under pressure.} 12. g3 {[#]} Qb6 (12... c5 $1 $11 {[%mdl 512]}) 13. c3 Bb7 14. Qe2 c5 15. Qxc4 (15. dxc5 $1 $11 Qxc5 16. h4) 15... Rfc8 $15 16. Nd3 ({White should play} 16. O-O $15) 16... cxd4 $17 17. Qxd4 Nxc3 $1 18. bxc3 Bxf3 19. Qxb6 axb6 20. Rf1 Be4 21. Kd2 Ra5 {aiming for ...Rd5.} 22. Nf2 (22. Rd1 $17) 22... Rxe5 $19 23. Nxe4 Rxe4 24. Kd3 {[#]} Rc6 {Played: Rc8xc3} 0-1

[Event "Bhopal GM Open 2019"]
[Site "Bhopal"]
[Date "2019.12.24"]
[Round "5.15"]
[White "Deshmukh, Anup"]
[Black "Darsh Kansal"]
[Result "1/2-1/2"]
[WhiteElo "2168"]
[BlackElo "1793"]
[Annotator "TA"]
[PlyCount "128"]
[EventDate "2019.12.21"]
[EventType "swiss"]
[EventCountry "IND"]
[SourceTitle "playchess.com"]
[Source "ChessBase"]
[SourceQuality "1"]

{[%evp 20,128,26,16,39,42,41,46,150,141,128,22,21,27,12,0,25,-13,26,26,16,20,17,27,24,24,28,16,13,16,16,13,20,29,25,9,489,469,601,600,600,595,569,546,407,0,19,0,0,0,0,0,0,-14,-16,-16,-19,-112,-84,-83,-78,-83,-95,-68,-15,-106,0,0,0,-18,-23,-21,0,0,0,-6,0,0,0,-20,0,0,-8,-24,-25,-29,-33,-35,-12,-29,-33,-36,-33,-158,-158,-158,-158,-150,-150,-150,-73,-81,-37,-45,-42,-41,-34,-41,0,-72,0]} 1. e4 c5 2. Nf3 d6 3. d4 cxd4 4. Nxd4 Nf6 5. Nc3 a6 6. Be2 e6 7. O-O Qc7 8. Be3 Be7 9. f4 Nc6 10. Qe1 O-O 11. Qg3 b5 {B85: Sicilian Scheveningen: 6 Be2 a6, lines with early Be3} (11... Nxd4 12. Bxd4 b5 13. Kh1 Bb7 14. a3 Rad8 15. Bd3 Rd7 16. Rae1 Re8 17. Re2 Qd8 18. Qh3 Bf8 19. a4 e5 20. fxe5 dxe5 21. Bf2 b4 22. Nd5 Nxd5 23. exd5 {0-1 (62) Navara,D (2724)-Moranda,W (2597) Katowice 2019}) 12. Nxc6 Qxc6 13. e5 Ne4 (13... Nd5 $1 $14) 14. Nxe4 $16 Qxe4 {[#]} 15. Bd3 (15. exd6 $1 $16 Bxd6 16. Rad1) 15... Qc6 $11 16. Rae1 Bb7 $146 ({Predecessor:} 16... Rd8 17. Bf2 Bb7 18. Re3 Bh4 19. Qh3 Bxf2+ 20. Rxf2 {1-0 (60) Bellahcene,M (1475)-Sharapova,C Prague 2012}) 17. Bd4 dxe5 18. Rxe5 {Intending Qxg7+! and mate.} Bf6 19. Bxh7+ $1 Kxh7 20. Rh5+ Kg8 21. Bxf6 $40 {[%csl Gf6][%cal Rg3g7][%mdl 128] White is up to no good.} Qxg2+ $1 22. Qxg2 Bxg2 {[#]} 23. Rg5 $1 {[%mdl 512]} Bxf1 24. Rxg7+ Kh8 25. Kxf1 {[%mdl 4096] Endgame KRR-KRB} Rac8 26. b3 b4 27. h4 Rc6 $2 {[%mdl 8192]} (27... Rb8 $1 $11 {and Black stays safe.}) 28. h5 $18 ({Less strong is} 28. Rxf7+ Kg8 $18) 28... Rfc8 29. Rxf7+ Kg8 30. Rg7+ Kf8 {...R8c7 is the strong threat.} 31. h6 {h7 would kill now.} Rxc2 {Black wants to play ...Rh2.} 32. Be7+ $2 (32. h7 $18 {[%cal Rh7h8]} Rc1+ 33. Kg2 R8c2+ {[%mdl 64] Double Attack} 34. Kg3) 32... Ke8 $11 33. Bxb4 Rh2 $1 34. h7 Rc1+ 35. Be1 Rh1+ 36. Kf2 {Hoping for Rg8+.} Rc2+ {[%mdl 64] Double Attack} 37. Kf3 {aiming for Rg8+.} Rch2 38. Bg3 (38. Rg8+ $11 Kf7 39. Bb4) 38... Rxh7 $17 39. Rg8+ Kf7 40. Ra8 Rf1+ 41. Kg2 Rhh1 (41... Rd1 $15 42. Bf2 Rd6) 42. Rxa6 {[#]} (42. Ra7+ $11 {remains equal.} Kf6 43. Bf2) 42... Ra1 (42... Rfg1+ $1 $17 43. Kf2 Rc1 44. Ra7+ Kg6) 43. Bf2 $11 Rhd1 44. Be3 Rd3 45. Kf2 Rc3 46. Ra7+ Ke8 47. Ra6 Kf7 48. Ra7+ Ke8 49. Ke2 Rc2+ {[%mdl 64] Double Attack} 50. Kd3 Rcxa2 ({Don't play} 50... Raxa2 51. Rb7 $17) 51. Rb7 Rd1+ 52. Kc3 Re2 53. Bc5 Re4 54. Re7+ Kd8 {And now ...Rc1+ would win.} 55. Rf7 Rd5 56. Rf8+ ({Better is} 56. b4 $15) 56... Kd7 $17 57. b4 Rf5 58. Ra8 Rfxf4 59. Kd3 Rh4 (59... Re1 $142 60. Ra6 e5) 60. Ra7+ Kc8 {Threatens to win with ...Reg4.} 61. Re7 Re5 62. Kc3 Kd8 {White must now prevent ...Rxc5+!} 63. Rg7 {Strongly threatening Be7+.} Kc8 64. Re7 Ree4 {Accuracy: White = 51%, Black = 37%.} ({Black should play} 64... Rhe4 $17 65. Kb3 Rd5) 1/2-1/2

[Event "Bhopal GM Open 2019"]
[Site "Bhopal"]
[Date "2019.12.24"]
[Round "5.16"]
[White "Madjidov, Jasur"]
[Black "Singh Ojasva"]
[Result "*"]
[WhiteElo "2136"]
[BlackElo "1762"]
[Annotator "TA"]
[PlyCount "7"]
[EventDate "2019.12.21"]
[EventType "swiss"]
[EventCountry "IND"]
[SourceTitle "playchess.com"]
[Source "ChessBase"]
[SourceQuality "1"]

{[%evp 7,7,0]} 1. d4 d5 2. Nf3 Nf6 3. c3 c6 4. Qc2 $146 (4. Bf4 Bf5 5. Nh4 Be4 6. Nd2 e6 7. Qb3 Qb6 8. f3 Bg6 9. e3 Be7 10. g4 Nfd7 11. Nxg6 hxg6 12. c4 a5 {½-½ (42) Rapport,R (2686)-Sargissian,G (2657) Heraklio 2017}) *

[Event "Bhopal GM Open 2019"]
[Site "Bhopal"]
[Date "2019.12.24"]
[Round "5.16"]
[White "Madjidov, Jasur"]
[Black "Singh Ojasva"]
[Result "1/2-1/2"]
[WhiteElo "2136"]
[BlackElo "1762"]
[Annotator "TA"]
[PlyCount "61"]
[EventDate "2019.12.21"]
[EventType "swiss"]
[EventCountry "IND"]
[SourceTitle "playchess.com"]
[Source "ChessBase"]
[SourceQuality "1"]

{[%evp 9,61,13,23,2,10,6,6,4,53,45,71,72,81,75,82,66,66,65,61,42,79,43,40,38,39,40,54,0,0,0,0,-7,-7,-9,-7,-14,0,0,0,0,0,0,0,0,0,0,0,0,4,0,0,-2,-4,-4]} 1. d4 d5 2. Nf3 Nf6 3. c4 c6 4. Qc2 e6 5. Bg5 Be7 6. Nbd2 {D30: Queen's Gambit Declined: Systems without Nc3} (6. e3 h6 7. Bxf6 Bxf6 8. Nc3 O-O 9. O-O-O Na6 10. g4 c5 11. h4 cxd4 12. Nxd4 Nb4 13. Qb3 a5 14. a3 Bxh4 15. axb4 Bxf2 16. Nc2 axb4 17. Qxb4 {1-0 (62) Andersen,M (2601)-Sundararajan,K (2433) Abu Dhabi 2018}) 6... h6 7. Bh4 Nbd7 8. e3 Qa5 9. Bd3 dxc4 10. Bxc4 e5 $146 ({Predecessor:} 10... Nb6 11. Bb3 c5 12. dxc5 Qxc5 13. Qxc5 Bxc5 {0-1 (110) Jarvenpaa,J (2301)-Ketola,V (2113) Brno 2013}) 11. O-O exd4 12. exd4 O-O 13. Rae1 Qd8 14. Ne5 {[#] aiming for Ng6.} Nxe5 15. dxe5 {Strongly threatening Bxf6.} (15. Rxe5 $5 {[%cal Rf1e1]} Kh8 16. Qd3 $14) 15... Nd5 16. Bxe7 Nxe7 17. Ne4 Bf5 18. Qe2 (18. Qc1 $14) 18... b5 $11 {The position is equal.} 19. Bb3 Qd4 $1 20. Qf3 Bg6 21. Nd6 a5 $1 {[%cal Ba7a5,Ba5a4][%mdl 32]} 22. Qe3 Qxe3 23. Rxe3 a4 24. Bd1 Nf5 25. Rc3 Nxd6 26. exd6 Be4 27. Bf3 Bxf3 28. gxf3 Ra6 29. Rfc1 Rd8 30. Rxc6 Rxd6 31. Rxa6 {Accuracy: White = 69%, Black = 70%.} 1/2-1/2

[Event "Bhopal GM Open 2019"]
[Site "Bhopal"]
[Date "2019.12.24"]
[Round "5.17"]
[White "Aansh Gupta"]
[Black "Safranska, Anda"]
[Result "1/2-1/2"]
[WhiteElo "1775"]
[BlackElo "2112"]
[Annotator "TA"]
[PlyCount "33"]
[EventDate "2019.12.21"]
[EventType "swiss"]
[EventCountry "IND"]
[SourceTitle "playchess.com"]
[Source "ChessBase"]
[SourceQuality "1"]

{[%evp 9,33,37,57,11,20,22,9,9,13,15,18,-12,-15,-20,-20,-51,0,0,19,16,14,-45,0,0,0,-445]} 1. d4 g6 2. e4 Bg7 3. f4 d5 4. e5 Nh6 5. Nf3 f6 (5... O-O 6. Bd3 Bg4 7. Nbd2 c5 8. dxc5 f6 9. h3 Bxf3 10. Nxf3 fxe5 11. fxe5 Nc6 12. Bd2 e6 13. O-O Nf7 {½-½ (13) Prie,E (2516)-Moskalenko,V (2531) Catalunya 2013}) 6. Bd3 {B06: Modern Defence} O-O 7. O-O Bg4 8. h3 Bxf3 $1 9. Rxf3 fxe5 10. fxe5 (10. dxe5 {feels hotter.} e6 11. Be3 Nf5 12. Bxf5 Rxf5 13. Nd2) 10... c5 $146 {With the idea ...Rxf3.} ({Predecessor:} 10... e6 11. g4 c5 12. c3 cxd4 13. Rxf8+ Qxf8 14. cxd4 {½-½ (58) Alvarez Alonso,A (1944)-Zenker,U (2158) San Cristobal de La Laguna 2018}) 11. Rxf8+ Bxf8 12. c4 cxd4 ({Black should try} 12... Nc6 $15) 13. cxd5 $11 Qxd5 14. Nd2 {[#] Threatens to win with Bc4.} Kh8 ({Don't play} 14... Qxe5 $6 15. Qb3+ Kh8 16. Qxb7 $16) 15. Bc4 ({White should play} 15. Be4 $11 Qd7 16. Nb3) 15... Qd7 16. Nf3 Nc6 17. Nxd4 $2 {[%mdl 40960] Accuracy: White = 56%, Black = 79%. . An unexpected result.} (17. Bf4 $11) 1/2-1/2

[Event "Bhopal GM Open 2019"]
[Site "Bhopal"]
[Date "2019.12.24"]
[Round "5.18"]
[White "Suthershun A"]
[Black "Mahindrakar Indrajeet"]
[Result "1/2-1/2"]
[WhiteElo "1743"]
[BlackElo "2042"]
[Annotator "NA RC"]
[PlyCount "120"]
[EventDate "2019.12.21"]
[EventType "swiss"]
[EventCountry "IND"]
[SourceTitle "playchess.com"]
[Source "ChessBase"]
[SourceQuality "1"]
[TimeControl "5400+30"]

1. e4 {[%emt 0:00:00]} Nf6 {[%emt 0:00:41]} 2. e5 {[%emt 0:00:14]} Nd5 {[%emt 0:00:11]} 3. d4 {[%emt 0:00:12]} d6 4. Nf3 dxe5 5. Nxe5 c6 6. Be2 Bf5 7. O-O Nd7 8. f4 Nxe5 9. fxe5 e6 10. Bd3 Bxd3 11. Qxd3 Be7 12. c4 Nb4 13. Qe4 O-O 14. a3 Na6 15. Nc3 Nc7 16. Be3 Qd7 17. Rad1 Rad8 18. Qg4 Kh8 19. Ne4 f5 20. exf6 gxf6 21. Qh5 Qe8 22. Qa5 Qg6 23. Qxc7 Qxe4 24. Qxe7 Qxe3+ 25. Kh1 Qb3 26. Qxe6 Rde8 27. Qd6 Qxb2 28. d5 cxd5 29. cxd5 Qe5 30. Qb4 Rg8 31. d6 b6 32. d7 Rd8 33. Qd6 Qxd6 34. Rxd6 Rg7 35. Rfd1 Re7 36. Kg1 Kg7 37. Kf2 Kf7 38. R1d3 Re6 39. R6d4 Re5 40. Rh3 h5 41. Rc3 Ra5 42. Kf3 Ke6 43. Re3+ Re5 44. Red3 Rc5 45. Re4+ Re5 46. Red4 Rc5 47. Kf4 Rf5+ 48. Ke4 Rg5 49. Kf3 Re5 50. Rd6+ Ke7 51. Rc6 Rf5+ 52. Ke4 Rf2 53. Rc7 Rxg2 54. Rxa7 Rxh2 55. Kf5 Rf2+ 56. Kg6 Rg2+ 57. Kf5 Rf2+ 58. Ke4 Re2+ 59. Kf3 Re5 60. a4 Ra5 1/2-1/2

[Event "Bhopal GM Open 2019"]
[Site "Bhopal"]
[Date "2019.12.24"]
[Round "5.19"]
[White "Krishnan Ritvik"]
[Black "Sri Sai Baswanth P"]
[Result "1/2-1/2"]
[WhiteElo "1742"]
[BlackElo "2027"]
[Annotator "NA RC"]
[PlyCount "47"]
[EventDate "2019.12.21"]
[EventType "swiss"]
[EventCountry "IND"]
[SourceTitle "playchess.com"]
[Source "ChessBase"]
[SourceQuality "1"]
[TimeControl "5400+30"]

1. d4 {[%emt 0:00:00]} Nf6 {[%emt 0:00:07]} 2. c4 {[%emt 0:00:00]} c5 {[%emt 0:00:05]} 3. d5 {[%emt 0:00:00]} e6 {[%emt 0:00:04]} 4. Nc3 {[%emt 0:00:15]} exd5 {[%emt 0:00:07]} 5. cxd5 {[%emt 0:00:05]} d6 {[%emt 0:00:04]} 6. Nf3 {[%emt 0:00:30]} g6 {[%emt 0:00:06]} 7. Bf4 {[%emt 0:00:24]} a6 {[%emt 0:00:05]} 8. a4 {[%emt 0:00:08]} Bg7 {[%emt 0:00:06]} 9. h3 {[%emt 0:00:51]} O-O {[%emt 0:00:07]} 10. e3 {[%emt 0:00:34]} Ne8 {[%emt 0:00:08] A61: Modern Benoni: Nf3 without early e4} 11. Be2 {[%emt 0:00:39]} Nd7 {[%emt 0:00:13]} 12. O-O {[%emt 0:01:15]} f5 {[%emt 0:00:04]} (12... Rb8 13. a5 b5 14. axb6 Rxb6 15. Qc2 Qe7 16. Nd2 Ne5 17. Bh2 f5 18. Rfe1 {1-0 (36) Gledura,B (2622)-Perunovic,M (2604) Hungary 2019}) 13. Bh2 $146 {[%emt 0:04:49]} ({Predecessor:} 13. Qc2 Qe7 14. Rab1 Rb8 15. b4 Nef6 16. Nd2 h6 17. Bh2 Ne8 18. a5 {1-0 (30) Bitan,B (2368)-Ivanov,M (2260) Windsor 2016}) 13... Ne5 {[%emt 0:00:30]} 14. Nxe5 {[%emt 0:00:30]} dxe5 {[%emt 0:00:30]} 15. a5 {[%emt 0:00:30]} Nd6 {[%emt 0:00:30]} 16. Qb3 {[%emt 0:00:30]} Bd7 {[%emt 0:00:30]} 17. Na4 {[%emt 0:00:30]} Bxa4 {[%emt 0:00:30]} 18. Qxa4 {[%emt 0:00:30]} Rc8 {[%emt 0:00:30]} 19. b3 {[%emt 0:00:30]} Rc7 {[%emt 0:00:30]} 20. Rac1 {[%emt 0:00:30]} Qe7 {[%emt 0:00:30]} 21. Rfd1 {[%emt 0:00:30]} g5 {[%emt 0:00:30]} 22. Rc2 {[%emt 0:00:30]} Rfc8 {[%emt 0:00:30]} 23. Rdc1 {[%emt 0:00:30]} h6 {[%emt 0:00:30]} 24. Qa3 $14 {[%emt 0:00:30]} 1/2-1/2

[Event "Bhopal GM Open 2019"]
[Site "Bhopal"]
[Date "2019.12.24"]
[Round "5.20"]
[White "Satvik Sharma"]
[Black "Rathneesh R"]
[Result "0-1"]
[WhiteElo "1740"]
[BlackElo "2006"]
[Annotator "NA RC"]
[PlyCount "28"]
[EventDate "2019.12.21"]
[EventType "swiss"]
[EventCountry "IND"]
[SourceTitle "playchess.com"]
[Source "ChessBase"]
[SourceQuality "1"]
[TimeControl "5400+30"]

1. d4 {[%emt 0:00:00]} Nf6 {[%emt 0:00:00]} 2. Bf4 {[%emt 0:00:00]} d5 {[%emt 0:00:56]} 3. e3 {[%emt 0:00:00]} c5 {[%emt 0:00:27]} 4. Nc3 {[%emt 0:00:00]} cxd4 {[%emt 0:02:40]} 5. exd4 {[%emt 0:00:05]} a6 {[%emt 0:00:30]} 6. Bd3 {[%emt 0:00:30]} Nc6 {[%emt 0:00:44]} 7. Nge2 {[%emt 0:00:58]} Nb4 {[%emt 0:02:43]} 8. h3 {[%emt 0:01:15]} e6 {[%emt 0:00:30]} 9. O-O {[%emt 0:00:30]} Bd6 {[%emt 0:00:30]} 10. Bxd6 {[%emt 0:00:30]} Qxd6 {[%emt 0:00:30]} 11. Ng3 {[%emt 0:00:30]} Nxd3 {[%emt 0:00:30]} 12. Qxd3 {[%emt 0:00:30]} O-O {[%emt 0:00:30]} 13. Rfe1 {[%emt 0:00:30]} b5 {[%emt 0:00:30]} 14. a3 {[%emt 0:00:30]} Bd7 $11 {[%emt 0:00:30]} 0-1

[Event "Bhopal GM Open 2019"]
[Site "Bhopal"]
[Date "2019.12.24"]
[Round "6.1"]
[White "Bogdanovich, Stanislav"]
[Black "Venkatesh, M.R."]
[Result "1-0"]
[WhiteElo "2562"]
[BlackElo "2491"]
[Annotator "TA"]
[PlyCount "95"]
[EventDate "2019.12.21"]
[EventType "swiss"]
[EventCountry "IND"]
[SourceTitle "playchess.com"]
[Source "ChessBase"]
[SourceQuality "1"]

{[%evp 18,97,20,17,25,16,28,9,29,10,19,27,23,36,58,47,58,53,64,43,79,51,54,60,74,74,68,71,76,70,75,75,93,78,72,67,78,48,43,10,11,0,0,0,55,0,16,0,44,22,28,0,0,6,55,50,45,52,68,44,44,0,0,0,0,0,0,0,308,308,320,318,338,345,482,482,480,480,723,718,5130,2078]} 1. e4 e5 2. Nf3 Nc6 3. Bc4 Nf6 4. d3 Bc5 5. c3 a6 6. Bb3 Ba7 7. O-O d6 8. Re1 h6 9. Nbd2 O-O 10. Nf1 Be6 {C54: Giuoco Piano: 4 c3 Nf6, main lines with 5 d4 and 5 d3} (10... Re8 11. h3 Be6 12. Ng3 Bxb3 13. Qxb3 Qd7 14. Be3 Bxe3 15. Rxe3 d5 16. Rae1 Na5 17. Qa3 Nc6 18. Qb3 Na5 19. Qa3 Nc6 {½-½ (19) Ragger,M (2682)-Harikrishna,P (2730) Brest 2019}) 11. Bxe6 fxe6 12. Ng3 Qd7 {The position is equal.} 13. h3 Ne7 14. d4 Ng6 15. Be3 {[#]} Qc6 $146 ({Predecessor:} 15... exd4 16. cxd4 {½-½ (85) Bauer,C (2623)-Mastrovasilis,A (2555) Baku 2016}) 16. Qb3 Rfe8 17. Rad1 Qb5 18. Qc2 a5 19. a4 Qa6 20. Qb3 Rab8 21. dxe5 dxe5 22. Bxa7 Qxa7 23. Qb5 Rbd8 24. Nf1 ({Worse is} 24. Nxe5 c6 $17) 24... c6 25. Qb3 Nd7 26. Ne3 Nc5 27. Qc4 Rb8 $1 28. Rd6 {Black should prevent b4.} b5 $1 {[%cal Rb5c4]} 29. Qa2 Qc7 30. Red1 Nf8 (30... Nf4 $1 $11) 31. axb5 cxb5 32. Ng4 {[%cal Be3g4,Bg4e5,Be5c6][%mdl 32]} Rbd8 33. Rxd8 Rxd8 34. Ra1 a4 $1 35. Ngxe5 Nxe4 (35... Nb3 $5 {[%cal Rb3a1]}) 36. Re1 Nc5 37. Nd4 $36 {[%mdl 2048] White fights for an advantage.} Qb7 38. Qa3 Rd5 39. Nec6 Ng6 40. Qa2 $1 Nf4 {Hoping for ...Rxd4!} 41. g3 Nxh3+ 42. Kg2 {Black must now prevent Rxe6.} Ng5 $2 {[%mdl 8192] [#]} (42... Rxd4 $11 43. cxd4 Nf4+ 44. gxf4 Qxc6+ 45. Kg1 Nb3) 43. Ne7+ $1 $18 {[%mdl 512]} Qxe7 {[#]} 44. Qxd5 $1 {[%mdl 576] Pin} Nd3 (44... exd5 45. Rxe7) 45. Qa8+ Kh7 46. Re3 {White is clearly winning.} Nxb2 47. f4 Nc4 (47... Nd1 $142 48. Re5 Qf6) 48. Re1 {Played: Re3-e2} 1-0

[Event "Bhopal GM Open 2019"]
[Site "Bhopal"]
[Date "2019.12.24"]
[Round "6.2"]
[White "Rios, Cristhian Camilo"]
[Black "Tiwari Shivansh"]
[Result "1-0"]
[WhiteElo "2505"]
[BlackElo "1770"]
[Annotator "TA"]
[PlyCount "69"]
[EventDate "2019.12.21"]
[EventType "swiss"]
[EventCountry "IND"]
[SourceTitle "playchess.com"]
[Source "ChessBase"]
[SourceQuality "1"]

{[%evp 14,69,17,23,31,30,33,38,49,34,57,48,64,54,64,39,62,26,146,147,127,119,167,171,166,133,131,130,146,115,141,133,143,149,151,113,202,196,196,188,276,254,440,443,425,302,312,317,317,318,1047,1047,1037,1035,1235,1226,1211,1211]} 1. e4 c6 2. d4 d5 3. Nd2 dxe4 4. Nxe4 Nf6 5. Nxf6+ exf6 6. c3 Bd6 7. Bd3 O-O 8. Ne2 (8. Qc2 {is interesting.} Re8+ 9. Ne2 f5 10. O-O g6 11. Re1) 8... Qc7 $146 {B15: Caro-Kann: 3 Nc3: 3...g6 and 3...dxe4 4 Nxe4 Nf6 5 Nxf6+ exf6} (8... Re8 9. Qc2 h6 10. O-O Qc7 11. Ng3 Nd7 12. Be3 Nf8 13. Rae1 Be6 14. Qd2 Bxg3 15. hxg3 Bxa2 16. c4 b5 17. cxb5 Bd5 18. Rc1 {½-½ (31) Sjugirov,S (2663)-Li,C (2724) Qinhuangdao 2018}) 9. h3 Re8 10. Qc2 h6 {White is slightly better.} 11. O-O Be6 12. c4 Nd7 13. c5 Bf8 ({Not} 13... Bh2+ $2 14. Kh1 $18) 14. Bf4 Qc8 15. Ng3 g5 (15... g6 $11) 16. Bd2 $16 Bg7 17. Ne4 Nf8 18. Nd6 Qd7 19. Nxe8 Rxe8 20. Bc3 f5 21. Rfe1 Rd8 22. d5 cxd5 23. Bxg7 Kxg7 24. Rac1 $36 {[%mdl 2048] White is in control.} Rc8 (24... Ng6 $16 {was worth a try.}) 25. b4 $18 {[%cal Bb2b4,Bb4b5,Bb5c6,Bc6c7][%mdl 32]} Ng6 26. b5 Ne7 (26... d4 $142 27. c6 bxc6) 27. Qb2+ Kg8 $2 {[#]} (27... d4 28. Red1 Rd8) 28. Qf6 Ng6 29. Bxf5 Bxf5 30. c6 bxc6 31. bxc6 Qe6 $2 {[#]} (31... Qd8 32. Qxf5 Rc7) 32. Rxe6 {White is clearly winning.} Bxe6 33. c7 Nf4 34. Rb1 Kh7 35. Rb8 {Accuracy: White = 86%, Black = 34%.} 1-0

[Event "Bhopal GM Open 2019"]
[Site "Bhopal"]
[Date "2019.12.24"]
[Round "6.2"]
[White "Rios, Cristhian Camilo"]
[Black "Tiwari Shivansh"]
[Result "*"]
[WhiteElo "2505"]
[BlackElo "1770"]
[Annotator "TA"]
[PlyCount "30"]
[EventDate "2019.12.21"]
[EventType "swiss"]
[EventCountry "IND"]
[SourceTitle "playchess.com"]
[Source "ChessBase"]
[SourceQuality "1"]

{[%evp 14,19,27,18,47,16,54,57]} 1. e4 c6 2. d4 d5 3. Nd2 dxe4 4. Nxe4 Nf6 5. Nxf6+ exf6 6. c3 Bd6 7. Bd3 O-O 8. Ne2 Qc7 {B15: Caro-Kann: 3 Nc3: 3...g6 and 3...dxe4 4 Nxe4 Nf6 5 Nxf6+ exf6} (8... Re8 9. O-O Nd7 10. Bf4 Nf8 11. Qd2 Ng6 12. Bxd6 Qxd6 13. Rfe1 Be6 14. Ng3 Nf4 15. Ne4 Qc7 16. Nc5 Nxd3 17. Nxe6 fxe6 18. Qxd3 {½-½ (26) Movsesian,S (2645)-Riazantsev,A (2653) Wolfhagen 2019}) 9. h3 Re8 10. Qc2 {Predecessor:} g6 $146 11. O-O b6 12. c4 Nd7 13. Nc3 Bh2+ 14. Kh1 Bf4 15. Bxf4 Qxf4 {1-0 (53) Borresen,G (2191)-Hauge,T (2104) Norway 2012} *

[Event "Bhopal GM Open 2019"]
[Site "Bhopal"]
[Date "2019.12.24"]
[Round "6.3"]
[White "Khusenkhojaev, Muhammad"]
[Black "Yakubboev, Nodirbek"]
[Result "1/2-1/2"]
[WhiteElo "2427"]
[BlackElo "2592"]
[Annotator "TA"]
[PlyCount "86"]
[EventDate "2019.12.21"]
[EventType "swiss"]
[EventCountry "IND"]
[SourceTitle "playchess.com"]
[Source "ChessBase"]
[SourceQuality "1"]

{[%evp 14,85,21,0,11,-18,-11,-7,-3,-22,4,0,33,-5,0,0,16,9,25,31,99,59,142,73,124,18,46,0,36,27,30,33,28,0,0,0,1,0,0,0,0,0,0,0,0,0,0,0,0,0,0,0,0,0,0,0,0,0,0,0,0,0,0,0,0,0,0,0,0,0,0,-560,-511,-29999]} 1. Nf3 Nf6 2. c4 e6 3. Nc3 d5 4. d4 Bb4 5. cxd5 exd5 6. Bg5 Nbd7 7. Rc1 c6 8. a3 Bxc3+ {D38: Queen's Gambit Declined: Ragozin Defence (4 Nf3 Bb4)} (8... Bd6 9. e3 O-O 10. Be2 Re8 11. Bh4 Nf8 12. Bg3 Ng6 13. Bxd6 Qxd6 14. O-O Bg4 15. Na4 Ne4 16. Nc5 Nxc5 17. dxc5 {0-1 (44) Zubov,A (2588)-Moiseenko,A (2701) Lvov 2014}) 9. Rxc3 h6 10. Re3+ (10. Bxf6 $5 Nxf6 11. e3 $11) 10... Kf8 {The position is equal.} 11. Bf4 $146 ({Predecessor:} 11. Bxf6 Nxf6 12. g3 g6 13. Bg2 Kg7 14. O-O Ne4 15. Ne5 Nd6 16. Rc3 {0-1 (45) Teske,H (2512)-Murshed,N (2476) Chennai 2013}) 11... Ne4 (11... g5 $5 {[%cal Rg5f4]} 12. Bd6+ Kg7 $11) 12. h3 a5 13. Rd3 a4 14. Qc1 c5 15. g3 g5 16. Be3 {[%cal Rd4c5]} b6 (16... Qa5+ $14 17. Bd2 Nxd2 18. Rxd2 c4) 17. Rd1 Ba6 {[#]} (17... Bb7 $14) 18. dxc5 (18. h4 $142 $1) 18... Ndxc5 {[#]} (18... bxc5 $142 19. Rxd5 Qa5+ 20. Bd2 Qc7) 19. Bd4 (19. h4 $1 $16) 19... f6 20. Bg2 Kg7 21. Bxc5 bxc5 22. Nd2 Qe7 23. Nxe4 (23. Bxe4 $5 dxe4 24. Nf1 $11) 23... dxe4 24. Rd5 Rhd8 $132 {[%mdl 2048] Black is fighting back} 25. Qxc5 Qxc5 ({Of course not} 25... Qb7 26. Bxe4 Rxd5 27. Qxd5 $16 (27. Bxd5 Rc8 $16)) 26. Rxc5 Rac8 27. Rxc8 Rxc8 $11 {[%mdl 4096] Endgame KRB-KRB} 28. Kd2 f5 29. Rb1 Rd8+ 30. Ke1 Rb8 31. g4 Bc8 32. Rc1 fxg4 33. hxg4 Bxg4 34. Bxe4 Rxb2 35. Bd3 Be6 36. Rc7+ Kf6 37. Rh7 Ke5 38. Rxh6 Bb3 39. Rg6 Kd4 40. Rxg5 Ra2 $1 {[%cal Ra2a1] ( -> ...Ra1+)} 41. f4 Rxa3 {White must now prevent ...Ra1+.} 42. f5 $2 {[%mdl 8192]} (42. Kd2 $1 $11 Ra2+ 43. Kc1) 42... Ra1+ $19 43. Kd2 (43. Kf2 $19 a3 44. f6) 43... Rd1# {[%mdl 32768] Accuracy: White = 46%, Black = 70%. . An unexpected result.} 1/2-1/2